| 000 | 00604nam a2200181 i 4500 | ||
|---|---|---|---|
| 001 | bg | ||
| 245 | 1 | 0 |
_aProblemy prognozowania i planowania rozwoju społeczno-gospodarczego : _bpraca zbiorowa / _cPolska Akademia Nauk. Instytut Badań Systemowych. |
| 260 |
_aWrocław : _bZakład Narodowy im. Ossolińskich, _c1979. |
||
| 650 | 9 |
_aGospodarka _xprognozy |
|
| 650 | 9 | _aPlanowanie gospodarcze | |
| 651 | 9 |
_aPolska _xgospodarka _xprognozy |
|
| 655 | _aMateriały konferencyjne | ||
| 040 | _cBPK | ||
| 041 | 0 | _apol | |
| 080 | _a338.26/.27(061) | ||
| 942 | _cKS | ||
| 008 | s pl f |000 0 pol | ||
| 999 |
_c35591 _d35591 |
||
| 856 |
_uhttp://koha.tu.koszalin.pl/cgi-bin/koha/opac-detail.pl?biblionumber=35591 _yKatalog online BPK |
||